| 000 | 01224nam a22003617a 4500 | ||
|---|---|---|---|
| 003 | CHAP | ||
| 005 | 20220817041856.0 | ||
| 008 | 971013s1976 r 00010 d | ||
| 010 | _a27372 | ||
| 011 | _a28344 | ||
| 035 | _a32448 | ||
| 040 | _cCHAP | ||
| 082 |
_a080 _bS4 v.270 |
||
| 100 | 0 | 0 |
_aKemper, Robert V. _962998 |
| 245 | _aCampesinos en la ciudad ; gente de Tzintzuntzan | ||
| 260 |
_aMéxico, D. F. : _bSecretaría de Educación Pública, _c1976 |
||
| 300 | _a157 p. | ||
| 490 |
_aSEP. Setentas _v; 270 |
||
| 590 |
_aBATCH-UPD _b10 _c20130110 _lUCH01 _h1117 |
||
| 590 |
_aBATCH-UPD _b10 _c20130410 _lUCH01 _h0708 |
||
| 590 |
_aBATCH-UPD _b10 _c20130914 _lUCH01 _h0823 |
||
| 590 |
_aCONVERSION _b10 _c20130109 _lUCH01 _h1316 |
||
| 650 | 1 | 4 |
_aCambio social. _917787 |
| 650 | 1 | 4 |
_aCampesinado _xMichoacán. _918024 |
| 650 | 1 | 4 |
_aMichoacán _xCondiciones sociales. |
| 650 | 1 | 4 |
_aMigración interna. _975603 |
| 830 | 0 |
_aSEP. Setentas _v; 270 |
|
| 901 | _aBK | ||
| 942 | _cLIBRO | ||
| 949 |
_a080 S4 v.270 _bBC _cLIBRO _d-75514 _eLIBRO _fc.2 _h44424 _i32448 _si |
||
| 949 |
_a080 S4 v.270 _bBC _cLIBRO _d33724000306825 _eLIBRO _fc.3 _h70508 _i32448 _si |
||
| 949 |
_a080 S4 v.270 _bBC _cLIBRO _d33724000317343 _eLIBRO _h43724 _i32448 _si |
||
| 999 |
_c27372 _d27372 |
||